Normal view
MARC view
- Biology
Entry Topical Term
001 - CONTROL NUMBER
- control field: 2431
003 - CONTROL NUMBER IDENTIFIER
- control field: NUST
005 - DATE AND TIME OF LATEST TRANSACTION
- control field: 20170612110902.0
008 - FIXED-LENGTH DATA ELEMENTS
- fixed length control field: 170612|| aca||aabn | a|a d
040 ## - CATALOGING SOURCE
- Original cataloging agency: NUST
- Transcribing agency: NUST
150 ## - HEADING--TOPICAL TERM
- Topical term or geographic name entry element: Biology
- Form subdivision: Textbooks.
670 ## - SOURCE DATA FOUND
- Source citation: Work cat.: (NUST)0: Vaccari, David A., 1953- 2430, Environmental biology for engineers and scientists /, c2006.
